000 00773nas a2200241 4500
001 BR7800523
003 BR-BrBNA
005 20231205083312.0
007 ta
008 230509b bl.|||p| |||| 00| 00por d
040 _aBR-BrBNA
_bpor
_cBiblioteca Nacional de Agricultura
041 _a(Pt)
072 _aH20
100 1 _aRobbs, C.F.
100 1 _aKitajima, E.W.
245 1 _aEnvassouramento do chuchuzeiro na Baixada Fluminense, molestia de provavel etiologia micoplasmatica [Sechium edule, superbrotamento]
650 _aCHUCHU
650 _aSUPERBROTAMENTO
650 _aRIO DE JANEIRO
773 0 _tFitopatologia Brasileira (Brazil)
_xISSN 0100-4158
_g(Feb 1977), v. 2(1) p. 99
_wBR7800523
909 _a202311
_bLúcia
_c55
_dLúcia Elande
942 _2AGRIS
_n0
_cANA
999 _c97835
_d97835